LEADER 02342nas 22007093 450 001 996279696803316 005 20240403153724.0 035 $a(OCoLC)247118691 035 $a(CKB)110975506071689 035 $a(CONSER)--2017203376 035 $a0IEEE)1000671 035 $a(IEEE)1000671 035 $a(EXLCZ)99110975506071689 100 $a20060922a19869999 --- a 101 0 $aeng 135 $aur||||||||||| 181 $ctxt$2rdacontent 182 $cc$2rdamedia 183 $acr$2rdacarrier 200 10$aConference record /$fAsilomar Conference on Signals, Systems & Computers 210 1$a[Washington, D.C.] :$c[Computer Society Press],$d[1987]- 210 1$a[Piscataway, NJ] :$c[Institute of Electrical and Electronics Engineers] 311 $a1058-6393 606 $aElectronics$vCongresses 606 $aSignal processing$vCongresses 606 $aComputers$vCongresses 606 $aAutomatic control$vCongresses 606 $aElectrical engineering$vCongresses 606 $aSystem theory$vCongresses 606 $aAutomatic control$2fast$3(OCoLC)fst00822702 606 $aComputers$2fast$3(OCoLC)fst00872776 606 $aElectrical engineering$2fast$3(OCoLC)fst01728596 606 $aElectronics$2fast$3(OCoLC)fst00907538 606 $aSignal processing$2fast$3(OCoLC)fst01118281 606 $aSystem theory$2fast$3(OCoLC)fst01141423 606 $aSistemes informàtics$2thub 606 $aProcessament de senyals$2thub 606 $aElectrònica$2thub 608 $aConference papers and proceedings.$2fast 608 $aPeriodicals.$2fast 608 $aRevistes electròniques$2thub 615 0$aElectronics 615 0$aSignal processing 615 0$aComputers 615 0$aAutomatic control 615 0$aElectrical engineering 615 0$aSystem theory 615 7$aAutomatic control. 615 7$aComputers. 615 7$aElectrical engineering. 615 7$aElectronics. 615 7$aSignal processing. 615 7$aSystem theory. 615 7$aSistemes informàtics 615 7$aProcessament de senyals 615 7$aElectrònica 676 $a621.3822 712 02$aInstitute of Electrical and Electronics Engineers. 906 $aCONFERENCE 912 $a996279696803316 996 $aConference record$91885971 997 $aUNISA